000 00487nam a2200169Ia 4500
999 _c36849
_d36849
003 OSt
005 20210125100521.0
008 190216s9999||||xx |||||||||||||| ||und||
040 _coclc
082 _a001.076
_bJAI/L
100 _aJain
_98403
245 0 _aLIC Apprentice Development Officers Recruitment Exam /
_cJain ; Lal
260 _bUpkar Prakashan,
_aAgra:
300 _a476p
650 _aReferences
942 _cREF
_2ddc
_h001.076
_iJAI/L
_k001.076
_mJAI/L